Gran diccionario enciclopédico de la biblia

Guardat en:
Dades bibliogràfiques
Autor principal: Ropero Berzosa, Alfonso (Autor)
Format: Llibre
Idioma:espanyol
Publicat: Barcelona Clie 2014
Edició:3a. ed
Matèries:
Etiquetes: Afegir etiqueta
Sense etiquetes, Sigues el primer a etiquetar aquest registre!

MARC

LEADER 00000cam a2200000 a 4500
001 UCD2057
003 CL-VaPUC
008 160407e20140200sp |||||||||||||||||spa|d
020 |a 9788482679273 
082 0 4 |a 220.3  |b ROP  |2 21 
100 0 |a Ropero Berzosa, Alfonso  |e author  |9 585315 
245 1 0 |a Gran diccionario enciclopédico de la biblia 
250 |a 3a. ed 
300 |a 2671 p 
942 |c BK 
945 |d 20160407 22:06:00  |a arojas 
260 |a Barcelona  |b Clie  |c 2014 
650 0 |a Diccionarios  |9 256200 
650 0 |a Biblia  |9 257603 
583 |a last modification  |c 20160407 22:06:00  |k Rodrigo Vera 
999 |c 363263  |d 363261 
952 |0 0  |1 0  |3 erd  |4 0  |6 220_300000000000000_ROP_2014  |7 0  |8 X  |9 475157  |a BIBTEO  |b BIBTEO  |i 5280834  |l 4  |o 220.3 ROP 2014  |p 5280834  |r 2025-01-17  |s 2024-10-02  |w 2019-11-24  |y BK_X  |z Catalogado en:20160407  |k ICR